| 000 | 01347cam a2200373 a 4500 | ||
|---|---|---|---|
| 001 | 3303 | ||
| 003 | FISKH | ||
| 005 | 20240228153826.0 | ||
| 008 | 120319s2012 nyu 000 1 eng | ||
| 010 | _a 2012010823 | ||
| 020 | _a9780316097468 | ||
| 020 | _a9780446571814 | ||
| 040 |
_aDLC _cDLC _dDLC _beng |
||
| 042 | _apcc | ||
| 043 | _an-us-ny | ||
| 050 | 0 | 0 |
_aPS3566.A822 _bI6 2012 |
| 082 | 0 | 0 |
_a813/.54 _222 |
| 100 | 1 |
_aPatterson, James, _d1947- |
|
| 245 | 1 | 0 |
_aI, Michael Bennett / _cJames Patterson and Michael Ledwidge. |
| 250 | _aThis edition 2013 | ||
| 260 |
_aNew York : _bVision, _c2012. |
||
| 300 |
_a390 pages : _c19 cm |
||
| 520 | _aDetective Michael Bennett takes his family to upstate New York in an effort to escape a lawless crime wave erupting in Manhattan only to find themselves immersed in another nightmare, one that endangers his relationship with his wife. | ||
| 600 | 1 | 0 |
_aBennett, Michael _c(Fictitious character) _vFiction. |
| 650 | 0 |
_aPolice _zNew York (State) _zNew York _vFiction. |
|
| 650 | 0 |
_aOrganized crime _vFiction. |
|
| 650 | 0 |
_aHispanic American gangs _vFiction. |
|
| 650 | 0 |
_aPolice _xViolence against _vFiction. |
|
| 655 | 7 |
_aSuspense fiction. _2gsafd |
|
| 700 | 1 |
_aLedwidge, Michael. _eAuthor |
|
| 906 |
_a7 _bcbc _corignew _d1 _eecip _f20 _gy-gencatlg |
||
| 942 |
_2ddc _cBK _n0 |
||
| 999 |
_c3303 _d3303 |
||